African politics and society (Record no. 83802)

MARC details
000 -LEADER
fixed length control field 00697nam a2200145 a 4500
008 - FIXED-LENGTH DATA ELEMENTS--GENERAL INFORMATION
fixed length control field 120416s1970 ||||||||||||||||| || u
050 ## - LIBRARY OF CONGRESS CALL NUMBER
Classification number DT 353 Afr
100 ## - MAIN ENTRY--PERSONAL NAME
Personal name Markovitz, Irving Leonard
245 10 - TITLE STATEMENT
Title African politics and society
246 ## -
-- basic issues and problems of government and development
260 ## - PUBLICATION, DISTRIBUTION, ETC.
Place of publication, distribution, etc. London
Name of publisher, distributor, etc. Free Press
Date of publication, distribution, etc. 1970
350 ## -
-- 0.00
995 ## -
-- BINDERY (DAMAGED)
-- 0.00
-- 709919
-- CBU-MAIN LIBRARY (Kitwe)
-- 1
-- 35.00
-- DT 353 Afr
-- 1
-- DAMAGED
-- Sep 7, 2006
-- 000754
-- Main Library Open Access Collection
995 ## -
-- MAIN LIBRARY OPEN ACCESS
-- 0.00
-- 709918
-- CBU-MAIN LIBRARY (Kitwe)
-- 2
-- 35.00
-- DT 353 Afr
-- 1
-- AVAILABLE
-- Sep 7, 2006
-- 000753
-- Main Library Open Access Collection
999 ## -
-- 83802
-- 83802
Holdings
Withdrawn status Lost status Source of classification or shelving scheme Damaged status Not for loan Collection code Permanent Location Current Location Date acquired Full call number Barcode Date last seen Copy number Price effective from Koha item type Shelving location Total Checkouts
      Damaged   BINDERY (DAMAGED) CBU-MAIN LIBRARY, KITWE. CBU-MAIN LIBRARY, KITWE. 01/08/2024 DT 353 Afr 000754 01/08/2024 1 01/08/2024 MONOGRAPH    
            CBU-MAIN LIBRARY, KITWE. CBU-MAIN LIBRARY, KITWE. 01/08/2024 DT 353 Afr 000753 01/08/2024 2 01/08/2024 MONOGRAPH